|
|
|
|
| LEADER |
00000nab a2200000 a 4500 |
| 001 |
vtls000574893 |
| 003 |
SK-MaSNL |
| 005 |
20260303013123.0 |
| 008 |
180331c1996 xo 0 hun |
| 015 |
|
|
|a SNBRB19rr/mm-uuuuu
|
| 035 |
|
|
|a CL0575031
|
| 040 |
|
|
|a SNKBUCL
|b slo
|c SNKBUCL
|e AACR2
|
| 041 |
0 |
|
|a hun
|
| 044 |
|
|
|a xo
|c SK
|
| 080 |
|
|
|a 894.511 (477.87)-1(087.5)=945.11
|2 1981
|
| 100 |
1 |
|
|a Kecskés, Béla
|4 aut
|9 990059
|
| 245 |
1 |
0 |
|a A mozdony [és mások]
|c Béla Kecskés ; Illusztr. Éva Menyhárt
|
| 500 |
|
|
|a Ďalšie básne: Januári napsütés. Jancsi mester. Fejes után
|
| 650 |
0 |
7 |
|a naratívne básne
|2 snkbucl
|9 56217
|
| 655 |
|
7 |
|a články z novín a časopisov
|2 snkbucl
|9 267496
|
| 655 |
|
7 |
|a články z odboru literárna veda a krásna literatúra
|2 snkbucl
|9 770045
|
| 700 |
1 |
|
|a Menyhárt, Éva
|4 ill
|9 988566
|
| 773 |
0 |
|
|t Tücsök
|g Roč. 6, č. 5 (1995/1996), s. 28
|
| 850 |
|
|
|a Slovenská národná knižnica v Martine
|a DSG001
|
| 852 |
|
|
|a SNK
|b KIS3GCP
|
| 958 |
|
|
|a NX
|
| 958 |
|
|
|a RK
|
| 958 |
|
|
|a HU
|
| 958 |
|
|
|a LX
|
| 958 |
|
|
|a UA
|
| 992 |
|
|
|a RBX
|
| 999 |
|
|
|c 1600849
|d 1602779
|